Mammals : (Record no. 138)

MARC details
000 -LEADER
fixed length control field 01449mam a2200361 a 4500
001 - CONTROL NUMBER
control field 3278132
003 - CONTROL NUMBER IDENTIFIER
control field UOEML
005 - DATE AND TIME OF LATEST TRANSACTION
control field 20250328153009.0
006 - FIXED-LENGTH DATA ELEMENTS--ADDITIONAL MATERIAL CHARACTERISTICS
fixed length control field 000
007 - PHYSICAL DESCRIPTION FIXED FIELD--GENERAL INFORMATION
fixed length control field 000
008 - FIXED-LENGTH DATA ELEMENTS--GENERAL INFORMATION
fixed length control field 880120s1987 enka b 001 0 eng
015 ## - NATIONAL BIBLIOGRAPHY NUMBER
National bibliography number GB87-32152
020 ## - INTERNATIONAL STANDARD BOOK NUMBER
International Standard Book Number 0713128968 (pbk) :
Terms of availability £13.95 : CIP confirmed
035 ## - SYSTEM CONTROL NUMBER
System control number (OCoLC)ocm16469773
System control number (NNC)3278132
040 ## - CATALOGING SOURCE
Original cataloging agency UOEL
Transcribing agency UKM
Modifying agency OCL
-- EYE
050 1# - LIBRARY OF CONGRESS CALL NUMBER
Classification number QL739.2
Item number .F56 1987
070 0# - NATIONAL AGRICULTURAL LIBRARY CALL NUMBER
Classification number QL739.2.F4
072 #0 - SUBJECT CATEGORY CODE
Subject category code L210
-- L300
-- X100
082 04 - DEWEY DECIMAL CLASSIFICATION NUMBER
Classification number 599.01/6
Edition number 19
100 1# - MAIN ENTRY--PERSONAL NAME
Personal name Flowerdew, J. R.,
Dates associated with a name 1945-
245 10 - TITLE STATEMENT
Title Mammals :
Remainder of title their reproductive biology and population ecology /
Statement of responsibility, etc. J.R. Flowerdew.
260 ## - PUBLICATION, DISTRIBUTION, ETC. (IMPRINT)
Place of publication, distribution, etc. London :
-- Baltimore, Md. :
Name of publisher, distributor, etc. Edward Arnold,
Date of publication, distribution, etc. c1987.
300 ## - PHYSICAL DESCRIPTION
Extent vi, 241 p. :
Other physical details ill.
Dimensions 24 cm.
500 ## - GENERAL NOTE
General note Includes bibliographical references, appendix and index.
504 ## - BIBLIOGRAPHY, ETC. NOTE
Bibliography, etc Bibliography: p. [199]-227.
505 0# - FORMATTED CONTENTS NOTE
Formatted contents note The mammalian reproductive tract - form and function -- Reproductive patterns in mammals -- Effects of the environment on reproduction -- Interactions between reproductive biology and life-history parameters -- The description and analysis of population dynamics -- The population dynamics of mammals -- The ecology of mammalian populations -- Man and mammalian populations.
650 #0 - SUBJECT ADDED ENTRY--TOPICAL TERM
Topical term or geographic name as entry element Mammals
General subdivision Reproduction.
Topical term or geographic name as entry element Mammals
General subdivision Ecology.
653 ## - INDEX TERM--UNCONTROLLED
Uncontrolled term Mammals
-- Reproduction
-- Environmental factors
942 ## - ADDED ENTRY ELEMENTS (KOHA)
Source of classification or shelving scheme Library of Congress Classification
Koha item type BOOK
Holdings
Withdrawn status Lost status Source of classification or shelving scheme Damaged status Not for loan Home library Current library Shelving location Date acquired Total Checkouts Full call number Barcode Date last seen Copy number Price effective from Koha item type
    Library of Congress Classification     UOE Main Library UOE Main Library Open shelf 05/02/2014   QL739.2 .F56 1987 10018623 27/04/2026 10018623 05/02/2014 Loan - Normal on open shelf
    Library of Congress Classification     UOE Main Library UOE Main Library Open shelf 05/02/2014   QL739.2 .F56 1987 10018625 27/04/2026 10018625 05/02/2014 Loan - Normal on open shelf
    Library of Congress Classification     UOE Main Library UOE Main Library Open shelf 05/02/2014   QL739.2 .F56 1987 10013232 27/04/2026 10013232 05/02/2014 Loan - Normal on open shelf
    Library of Congress Classification     UOE Main Library UOE Main Library Open shelf 05/02/2014   QL739.2 .F56 1987 10056824 27/04/2026 10056824 05/02/2014 Loan - Normal on open shelf
    Library of Congress Classification     UOE Main Library UOE Main Library Open shelf 05/02/2014   QL739.2 .F56 1987 10018624 27/04/2026 10018624 05/02/2014 Loan - Normal on open shelf
    Library of Congress Classification     UOE Main Library UOE Main Library Open shelf 21/11/2014   QL739.2 .F56 1987 10013231 27/04/2026 10013231 21/11/2014 Loan - Normal on open shelf
    Library of Congress Classification     UOE Main Library UOE Main Library Open shelf 25/11/2014   QL739.2 .F56 1987 10056825 27/04/2026 10056825 25/11/2014 Loan - Normal on open shelf
    Library of Congress Classification     UOE Main Library UOE Main Library Open shelf 28/03/2025   QL739.2 .F56 1987 10013233 27/04/2026 10013233 28/03/2025 Loan - Normal on open shelf